| 000 | 00767nam0a22002531 4500 | ||
|---|---|---|---|
| 001 | rc\2125400 | ||
| 005 | 20191223163738.0 | ||
| 035 | _a(NLR Aleph) 006489523 | ||
| 090 |
_a6117773 _c6117773 |
||
| 100 | _a20110829d1979 |||y0rusy50 ca | ||
| 101 | 0 | _arus | |
| 102 | _aRU | ||
| 105 | _aa z ||||| | ||
| 200 | 1 |
_aРабочая тетрадь по русскому языку _eДля V кл. [эст. школы] |
|
| 210 |
_aТаллин _cВалгус _d1979 |
||
| 215 |
_a46 с. _cил. _d21 |
||
| 700 | 1 |
_aБатарина _bИ. Г. _gИя Георгиевна |
|
| 701 | 1 |
_aВяри _bЭ. И. _gЭльвира Ивановна |
|
| 801 | 0 |
_aRU _bNLR _gpsbo |
|
| 801 | 1 |
_aRU _bELAR _2rusmarc |
|
| 852 |
_aNLR _j79-6/4756 |
||
| 942 | _cBOOK | ||
| 980 | _aNB | ||